000
00276nam a22001337a 4500
020
_a
978-1-59566-305-4
082
_a
823
_b
MOR/W
100
_a
MORGAN, SALLY
245
_a
WHALES
260
_a
UD
_b
QEB PUBLISHING
300
_a
31
650
_a
ENGLISH SHORT STORY
942
_c
BK
999
_c
3389
_d
3389